Capitals with the Earliest Sunset during Winter Solstice (Northern) - Statistics

General Stats
  • This quiz has been taken 27 times
    23 since last reset
  • The average score is 17 of 20
Answer Stats
Sunset Time City % Correct
15:12 Helsinki
95%
15:11 Oslo
95%
14:48 Stockholm
95%
15:53 Berlin
91%
15:38 Copenhagen
91%
15:53 London
91%
15:57 Moscow
91%
15:29 Reykjavik
91%
15:43 Riga
86%
15:20 Tallinn
86%
15:53 Vilnius
86%
15:24 Warsaw
86%
16:02 Prague
82%
16:02 Vienna
82%
16:07 Dublin
77%
15:55 Kyiv
77%
15:59 Bratislava
73%
15:54 Budapest
73%
16:13 Zagreb
64%
16:17 Chișinău
59%
No matching quizzes found
Score Distribution
Percent of People with Each Score
Percentile by Number Answered
Your Score History
You have not taken this quiz since the last reset